000 01104nam a22002775i 4500
001 165063
003 ES-MaACL
005 20231030173412.0
008 050811s1874 fr | |||||||| ||fre d
040 _aCAM
_bspa
_cCAM
100 1 _aScribe, Eugène.
_9104966
245 1 0 _aPiquillo Alliaga ou Les maures sous Philippe III /
_cEugène Scribe.
260 _aParis :
_bE. Dentu, libraire-éditeur,
_c1874 (
_fImp. Paul Dupont)
300 _a3 v. (327, [2] ; 357, [2] ; 480 p.) ;
_c18 cm.
490 1 _aOeuvres complètes de Eugène Scribe. Cinquième série : Proverbes, Nouvelles romans. 3 ;4 ;5
650 4 _914588
_aLiteratura francesa-
_yS.XIX
650 7 _aNovelas
_2embne
_9233904
700 1 _aDentu, E.,
_9230064
700 1 _aDupont, Paul,
_946109
740 4 _aLes maures sous Philippe III.
752 _aFrancia -
_dParís
830 0 _aOeuvres complètes de Eugène Scribe. Cinquième série : Proverbes, Nouvelles romans. 3 ;4 ;5
_9222426
852 _aES-MaACL
_jC-18586-18588
_z-- Enc. hol., conservando la cub. original
942 _2udc
999 _c165063
_d165063